ნორმალური ფორმატი
MARC ფორმატი
ჩანაწერი Personal Name
ჩანაწერთა რაოდენობა, რომელიც გამოყენებულია: 1
001 - CONTROL NUMBER
- control field: 16732
003 - CONTROL NUMBER IDENTIFIER
- control field: GE_BSU
005 - DATE AND TIME OF LATEST TRANSACTION
- control field: 20230120153404.0
008 - FIXED-LENGTH DATA ELEMENTS
- fixed length control field: 230120|| aca||aabn | a|a d
040 ## - CATALOGING SOURCE
- Original cataloging agency: GE_BSU
- Transcribing agency: GE_BSU
100 ## - HEADING--PERSONAL NAME
- Personal name: რობინსი,სტივენ პ;
670 ## - SOURCE DATA FOUND
- Source citation: Work cat.: (GE_BSU)43888: რობინსი,სტივენ პ; , ორგანიზაციული ქცევის საფუძვლები=ESSENTIALS OF ORGANIZATIONAL BEHAVIOR. /
